Secretos de la cerveza casera /

El autor inicia esta obra con una breve historia de la cerveza, sus raíces etimológicas y el cultivo de la cebada, para presentar después técnicas caseras y consejos de fabricación de cervezas americanas y europeas, así como recetas de platos fuertes, repostería, cocteles, ponches y sangrías elabora...

Descripció completa

Guardat en:
Dades bibliogràfiques
Autor principal: Barbado, José Luis (autor)
Format: Llibre
Idioma:espanyol
Publicat: Buenos Aires, Argentina : Albatros, 2003, c2003
Matèries:
Etiquetes: Afegir etiqueta
Sense etiquetes, Sigues el primer a etiquetar aquest registre!

MARC

LEADER 00000nam^a2200000^a^4500
001 000379784
005 20250521000000.0
009 20260526142717.941
020 |a 950-24-1011-4 
037 |a Acervo ITESO - Biblioteca 
041 |a ESP 
082 |a 641. 23  |b BAR 
100 |a Barbado, José Luis  |e (autor) 
245 1 0 |a Secretos de la cerveza casera /  |c J.L. Barbado. 
264 4 |a Buenos Aires, Argentina :  |b Albatros,  |c 2003, c2003 
300 |a 127 p. 
336 |a texto  |b txt  |2 rdacontenido 
337 |a sin mediación  |b n  |2 rdamedio 
338 |a volumen  |b nc  |2 rdasoporte 
520 |a El autor inicia esta obra con una breve historia de la cerveza, sus raíces etimológicas y el cultivo de la cebada, para presentar después técnicas caseras y consejos de fabricación de cervezas americanas y europeas, así como recetas de platos fuertes, repostería, cocteles, ponches y sangrías elaborados con la bebida. 
649 |a XX 
650 |a Cebada -  |x Cultivo 
650 |a Cerveza -  |x Historia 
650 |a Cerveza -  |x Recetarios 
650 |a Cerveza -  |x Elaboración 
650 |a Cerveza -  |x Tema Principal 
650 |a Bebidas Fermentadas 
650 |a Bebidas Alcohólicas 
650 |a Alimentos y Bebidas 
650 |a Industria Alimenticia 
650 |a Gastronomía 
910 |a Fondo General 
920 |a Impresos - Libros 
930 |a Colección General 
905 |a 101 
901 |a 0500274881  |b IT1  |c ACC  |i C149771  |u 20250521 
902 |a https://opac.biblio.iteso.mx/vufind/Record/000379784